[Event "Madrid-ch"]
[Site "Madrid"]
[Date "2012.11.08"]
[Round "4"]
[White "Salgado Duarte, Pablo"]
[Black "Moral Gonzalez, Vicente"]
[Result "1-0"]
[WhiteElo "1603"]
[BlackElo "1521"]
[PlyCount "67"]
[EventDate "2012.11.05"]
[EventType "swiss"]
[EventRounds "9"]
[EventCountry "ESP"]
[SourceTitle "CBM 151 Extra"]
[Source "ChessBase"]
[SourceDate "2012.12.18"]
[SourceVersion "1"]
[SourceVersionDate "2012.12.18"]
[SourceQuality "1"]

1. d4 d5 2. c4 Nf6 3. Nc3 g6 4. Nf3 Bg7 5. Bf4 Nc6 6. Nb5 e5 7. Nxe5 0-0 8. Nxc6 bxc6 9. Nxc7 Rb8 10. Nxd5 Rxb2 11. Nc3 Nh5 12. Bc1 Rb7 13. e3 c5 14. Ne2 cxd4 15. exd4 Re8 16. Be3 Rbe7 17. Qd2 Bg4 18. h3 Bxe2 19. Bxe2 Rd7 20. Rd1 Nf6 21. 0-0 Ne4 22. Qd3 f5 23. Bf3 g5 24. Bxe4 Rxe4 25. d5 Qe7 26. Rfe1 f4 27. Bd2 Rxe1+ 28. Rxe1 Qf6 29. Qe4 Qf7 30. Bb4 Bf8 31. Bxf8 Kxf8 32. Qe5 h6 33. Qh8+ Qg8 34. Re8+ 1-0